000 00378cam a2200133 a 4500
020 _a0679402594 :
050 0 0 _aRC 343
_b.R76 1992
100 1 _aRosenfield, Israel,
245 1 4 _aThe strange, familiar, and forgotten :
_ban anatomy of consciousness /
_cIsrael Rosenfield.
260 _aNew York :
_bKnopf,
_c1992.
300 _a157 p. ;
650 0 _xPhilosophy.
942 _2lcc
_cGEN
999 _c7041
_d7041